Katalóg elektroinštalačného materiálu. 210/2018
Uložené v:
| Médium: | Firemný prospekt |
|---|---|
| Jazyk: | Slovak English |
| Vydané: |
2018.
|
| Témy: | |
| On-line prístup: | http://www.tesla.sk |
| Fyzický popis: |
4 strany. |
| Tagy: |
Pridať tag
Žiadne tagy, Buďte prvý kto otaguje tento záznam!
|
Titul je dostupný aj v ... 

MARC
| LEADER | 00000nam^a22000003a^4500 | ||
|---|---|---|---|
| 001 | 000594792 | ||
| 003 | SVKKK | ||
| 005 | 20180921094521.0 | ||
| 008 | 170810s2018 xo |||| 0 slo^d | ||
| 040 | |a SVKKK |b slo |c SVKKK |e AACR2 | ||
| 041 | 1 | |a slo |a eng | |
| 044 | |a xo |c SK | ||
| 080 | |a 621.316.5 |2 2001 | ||
| 110 | 2 | |a TESLA Stropkov, a. s. |c Hviezdoslavova 37/46, 091 12 Stropkov |4 mfr | |
| 245 | 1 | 0 | |a Katalóg elektroinštalačného materiálu. |n 210/2018 |
| 260 | |c 2018. | ||
| 300 | |a 4 strany. | ||
| 655 | 7 | |a firemné katalógy |2 SNKPH | |
| 856 | 4 | 1 | |u http://www.tesla.sk |
| 910 | |a svkkk | ||
| 998 | |a FL | ||
| 090 | |g SCKHL |k Sklad Pribinova suterén |a 621.316.5 |j 237230 |i 2720567638 |s Firemná-2týždne | ||